000 01268nam a22003618i 4500
001 BK0021140246
005 20210308120216.0
008 180108s2018 nyu 000 1 eng d
010 _abl2018000688
020 _a9781501150982 : HRD
_c26.99
020 _a1501150987 : HRD
_c26.99
037 _bSimon & Schuster, Order Dept 100 Front st, Riverside, NJ, USA, 08075
_nSAN 200-2442
040 _aNjBwBT
_beng
_cNjBwBT
_erda
050 1 4 _aPS3560.A44
_bD84 2018
082 0 4 _a813/.54
_223
092 _a813.5400
100 1 _aJance, Judith A,
_eauthor.
_922169
245 1 0 _aDuel to the death
_ban Ali Reynolds mystery /
_cJ.A. Jance.
246 _bAli Reynolds mystery
246 _bAli Reynolds mystery book thirteen
246 _bAli Reynolds mystery book 13
264 1 _aNew York :
_bTouchstone Books,
_c2018.
300 _apages cm.
336 _atext
337 _aunmediated
338 _avolume
440 _aAli Reynolds Mystery :
_v Book 13.
_96362548
650 0 _aArtificial intelligence
_vFiction.
_95695546
650 0 _aDrug traffic
_vFiction.
_95674915
655 7 _aSuspense fiction.
_2gsafd
_96362552
800 1 _aJance, Judith A.
_tAli Reynolds mysteries.
_95877428
942 _2ddc
_cBOOK
999 _c229693
_d229693